5HLuxD.jpg

KING HENRY VIII SENIOR AND PRIMARY SCHOOL LIBRARY OPAC

Ana and the sea star / (Record no. 1847)

000 -LEADER
fixed length control field 02607cam a2200577 i 4500
001 - CONTROL NUMBER
control field 19572482
003 - CONTROL NUMBER IDENTIFIER
control field OSt
005 - DATE AND TIME OF LATEST TRANSACTION
control field 20230208080629.0
008 - FIXED-LENGTH DATA ELEMENTS--GENERAL INFORMATION
fixed length control field 170327s2017 meua j 000 1 eng d
010 ## - LIBRARY OF CONGRESS CONTROL NUMBER
LC control number 2017937850
020 ## - INTERNATIONAL STANDARD BOOK NUMBER
International Standard Book Number 9780884485223
Qualifying information (hardcover)
035 ## - SYSTEM CONTROL NUMBER
System control number (OCoLC)ocn975091921
040 ## - CATALOGING SOURCE
Original cataloging agency YDX
Language of cataloging eng
Description conventions rda
Transcribing agency YDX
Modifying agency BDX
-- CHILD
-- PPN
-- OCLCQ
-- OCLCF
-- MEA
-- UAP
-- VHP
-- IGA
-- CKE
-- IHX
-- PFLCL
-- OCLCO
-- UIU
-- OCL
-- EHH
-- CZA
-- OCLCQ
-- BLP
-- DLC
-- KH8
042 ## - AUTHENTICATION CODE
Authentication code lccopycat
082 04 - DEWEY DECIMAL CLASSIFICATION NUMBER
Classification number FIC ROE
Edition number 23
100 1# - MAIN ENTRY--PERSONAL NAME
Personal name Roelfs, R. Lynne,
Relator term author.
245 10 - TITLE STATEMENT
Title Ana and the sea star /
Statement of responsibility, etc. R. Lynne Roelfs ; illustrated by Jamie Hogan.
264 #1 - PRODUCTION, PUBLICATION, DISTRIBUTION, MANUFACTURE, AND COPYRIGHT NOTICE
Place of production, publication, distribution, manufacture Thomaston, Maine :
Name of producer, publisher, distributor, manufacturer Tilbury House Publishers,
Date of production, publication, distribution, manufacture, or copyright notice [2017]
300 ## - PHYSICAL DESCRIPTION
Extent 1 volume (unpaged) :
Other physical details color illustrations ;
Dimensions 27 cm.
336 ## - CONTENT TYPE
Content type term text
Source rdacontent
336 ## - CONTENT TYPE
Content type term still image
Source rdacontent
337 ## - MEDIA TYPE
Media type term unmediated
Source rdamedia
338 ## - CARRIER TYPE
Carrier type term volume
Source rdacarrier
490 1# - SERIES STATEMENT
Series statement Tilbury House nature book
520 ## - SUMMARY, ETC.
Summary, etc. A young girl finds a starfish on the beach and wants to show it to her mother at home, but doesn't want to take it from its home. With encouragement from her dad and a little imagination, Ana is able to let the sea star go and yet keep it with her at the same time.
650 #0 - SUBJECT ADDED ENTRY--TOPICAL TERM
Topical term or geographic name entry element Starfishes
Form subdivision Juvenile fiction.
650 #0 - SUBJECT ADDED ENTRY--TOPICAL TERM
Topical term or geographic name entry element Marine animals
Form subdivision Juvenile fiction.
650 #0 - SUBJECT ADDED ENTRY--TOPICAL TERM
Topical term or geographic name entry element Picture books for children.
650 #1 - SUBJECT ADDED ENTRY--TOPICAL TERM
Topical term or geographic name entry element Starfishes
Form subdivision Fiction.
650 #1 - SUBJECT ADDED ENTRY--TOPICAL TERM
Topical term or geographic name entry element Marine animals
Form subdivision Fiction.
650 #4 - SUBJECT ADDED ENTRY--TOPICAL TERM
Topical term or geographic name entry element JUVENILE FICTION / Animals / Marine Life.
650 #4 - SUBJECT ADDED ENTRY--TOPICAL TERM
Topical term or geographic name entry element JUVENILE FICTION / Imagination & Play.
650 #4 - SUBJECT ADDED ENTRY--TOPICAL TERM
Topical term or geographic name entry element JUVENILE FICTION / Nature & the Natural World / Environment.
650 #7 - SUBJECT ADDED ENTRY--TOPICAL TERM
Topical term or geographic name entry element JUVENILE FICTION
General subdivision Animals
-- Marine Life.
Source of heading or term bisacsh
650 #7 - SUBJECT ADDED ENTRY--TOPICAL TERM
Topical term or geographic name entry element JUVENILE FICTION
General subdivision Imagination & Play.
Source of heading or term bisacsh
650 #7 - SUBJECT ADDED ENTRY--TOPICAL TERM
Topical term or geographic name entry element JUVENILE FICTION
General subdivision Nature & the Natural World
-- Environment.
Source of heading or term bisacsh
650 #7 - SUBJECT ADDED ENTRY--TOPICAL TERM
Topical term or geographic name entry element Picture books for children.
Source of heading or term fast
Authority record control number or standard number (OCoLC)fst01063717
650 #7 - SUBJECT ADDED ENTRY--TOPICAL TERM
Topical term or geographic name entry element Marine animals.
Source of heading or term fast
Authority record control number or standard number (OCoLC)fst01009386
650 #7 - SUBJECT ADDED ENTRY--TOPICAL TERM
Topical term or geographic name entry element Starfishes.
Source of heading or term fast
Authority record control number or standard number (OCoLC)fst01131621
655 #7 - INDEX TERM--GENRE/FORM
Genre/form data or focus term Fiction.
Source of term fast
Authority record control number or standard number (OCoLC)fst01423787
655 #7 - INDEX TERM--GENRE/FORM
Genre/form data or focus term Juvenile works.
Source of term fast
Authority record control number or standard number (OCoLC)fst01411637
655 #7 - INDEX TERM--GENRE/FORM
Genre/form data or focus term Picture books.
Source of term fast
Authority record control number or standard number (OCoLC)fst01726789
655 #7 - INDEX TERM--GENRE/FORM
Genre/form data or focus term Picture books for children.
Source of term lcgft
655 #7 - INDEX TERM--GENRE/FORM
Genre/form data or focus term Picture books.
Source of term lcgft
700 1# - ADDED ENTRY--PERSONAL NAME
Personal name Hogan, Jamie,
Relator term illustrator.
830 #0 - SERIES ADDED ENTRY--UNIFORM TITLE
Uniform title Tilbury House nature book.
906 ## - LOCAL DATA ELEMENT F, LDF (RLIN)
a 7
b cbc
c copycat
d 2
e ncip
f 20
g y-gencatlg
942 ## - ADDED ENTRY ELEMENTS (KOHA)
Source of classification or shelving scheme
Koha item type Books - Fiction
Holdings
Withdrawn status Lost status Source of classification or shelving scheme Damaged status Not for loan Collection code Permanent Location Current Location Shelving location Date acquired Total Checkouts Full call number Barcode Date last seen Date last checked out Price effective from Koha item type
          Fiction KH8 Primary School Library KH8 Primary School Library Fiction 2023-02-08 5 FIC ROE KHPL000003596 2025-12-05 2024-01-16 2023-02-08 Books - Fiction

Powered By KH8 IT Dept